| 000 | 00602cam a22002411 4500 | ||
|---|---|---|---|
| 001 | sa 67002430 | ||
| 003 | DLC | ||
| 005 | 20260227112331.0 | ||
| 008 | 890720s1966 pk 000 0 urdr | ||
| 010 | _asa 67002430 | ||
| 035 | _a(OCoLC)20042347 | ||
| 040 |
_aDLC _cWaU _dDLC |
||
| 042 | _apremarc | ||
| 043 | _aa-pk--- | ||
| 050 | 0 | 0 |
_aDS427 _b.A596 |
| 100 | 1 |
_aAhmed, Chaudhary Habib, _d1934- |
|
| 245 | 1 | 0 | _aTaḥrīk-i Pākistān aur naishnalist ʻulamāʼ. |
| 260 | _c[1966] | ||
| 300 |
_a24, 1039 p. _c23 cm. |
||
| 500 | _aIn Urdu. | ||
| 651 | 0 | _aPakistan. | |
| 650 | 0 |
_aMuslims _zIndia. |
|
| 999 |
_c73269 _d73269 |
||